Изучение и оценка эксплуатационных ресурсов питьевых и технических вод: сборник научных трудов

التفاصيل البيبلوغرافية
مؤلف مشترك: Всесоюзный научно-исследовательский институт гидрогеологии и инженерной геологии (ВСЕГИНГЕО)
مؤلفون آخرون: Язвин Л. С. (редактор)
الملخص:Исключено из фонда НТБ ТПУ
اللغة:الروسية
منشور في: Москва, Изд-во ВСЕГЕИ, 1988
التنسيق: كتاب
KOHA link:https://koha.lib.tpu.ru/cgi-bin/koha/opac-detail.pl?biblionumber=378198

MARC

LEADER 00000nam0a2200000 4500
001 378198
005 20231101054429.0
035 |a (RuTPU)RU\TPU\retro\35653 
035 |a RU\TPU\book\278270 
090 |a 378198 
100 |a 20230517d1988 k y0rusy50 ca 
101 0 |a rus 
102 |a RU 
105 |a a z 001zy 
200 1 |a Изучение и оценка эксплуатационных ресурсов питьевых и технических вод  |e сборник научных трудов  |f Всесоюзный научно-исследовательский институт гидрогеологии и инженерной геологии (ВСЕГИНГЕО) ; под ред. Л. С. Язвина 
210 |a Москва  |c Изд-во ВСЕГЕИ  |d 1988 
215 |a 148 с.  |c ил. 
320 |a Библиография в конце работ. 
333 |a Исключено из фонда НТБ ТПУ 
675 |a 556.382  |v 3 
702 1 |a Язвин  |b Л. С.  |4 340 
712 0 2 |a Всесоюзный научно-исследовательский институт гидрогеологии и инженерной геологии (ВСЕГИНГЕО)  |c (пос. Зеленый, Московская область)  |2 stltpush  |3 (RuTPU)RU\TPU\col\2061 
801 1 |a RU  |b 63413507  |c 20140401 
801 2 |a RU  |b 63413507  |c 20230517  |g RCR 
942 |c BK